00527nam a2200181 a 45000010010000000030011000100080041000210350026000620820014000881000017001022450032001192600041001516500015001929420012002079520091002199980020003109990015003300000-9373ELIB.Books110520 1969  a(ELIB.Books)0000-9525 a150 bPow aPowell, John aWhy am I Afraid to tell you bChicago: Argus Communications c1969 aPsychology 2ddccBK 00102ddc4070aKBTSbKBTSd2011-05-20l0p10773r2022-01-22 00:00:00w2022-01-22yBK cbate2011-05-20 c9373d9373